Film (notice n° 2062136)
[ vue normale ]
| 000 -LEADER | |
|---|---|
| fixed length control field | 00774cam a2200169 4500500 |
| 005 - DATE AND TIME OF LATEST TRANSACTION | |
| control field | 20260405002903.0 |
| 041 ## - LANGUAGE CODE | |
| Language code of text/sound track or separate title | fre |
| 042 ## - AUTHENTICATION CODE | |
| Authentication code | dc |
| 100 10 - MAIN ENTRY--PERSONAL NAME | |
| Personal name | Ferrari, Jérôme |
| Relator term | author |
| 245 00 - TITLE STATEMENT | |
| Title | Film |
| 260 ## - PUBLICATION, DISTRIBUTION, ETC. | |
| Date of publication, distribution, etc. | 2018.<br/> |
| 500 ## - GENERAL NOTE | |
| General note | 3 |
| 520 ## - SUMMARY, ETC. | |
| Summary, etc. | The significant number of documentaries covered this month is related to the annual “Mois du film documentaire” event. For other films, you will find many reviews on the journal’s website within the Cannes and Venice 2018 coverage (www.revue-etudes.com, under “actualité culturelle cinéma”). |
| 700 10 - ADDED ENTRY--PERSONAL NAME | |
| Personal name | Rose, Sean |
| Relator term | author |
| 786 0# - DATA SOURCE ENTRY | |
| Note | Études | ovember | 11 | 2018-10-15 | p. 109-116 | 0014-1941 |
| 856 41 - ELECTRONIC LOCATION AND ACCESS | |
| Uniform Resource Identifier | <a href="https://shs.cairn.info/journal-etudes-2018-11-page-109?lang=en&redirect-ssocas=7080">https://shs.cairn.info/journal-etudes-2018-11-page-109?lang=en&redirect-ssocas=7080</a> |
Pas d'exemplaire disponible.




Réseaux sociaux